000 00738nam a2200265 a 4500
999 _c12139
_d12139
001 12139
003 BD-JhCC
005 20210321085333.0
008 210321m20022016nyua|||| |||| 001 0 eng d
020 _a9780198728726
020 _a0198728727
035 _a(BD-JhCC)12139
040 _aBD-JhCC
_dBD-JhCC
041 _aeng
082 _a541.3
_bATK 2016
100 _aAtkins, Peter
245 _aAtkins' physical chemistry /
_cPeter Atkins and Julio de Paula
250 _a10th ed.
260 _aLondon :
_bOxford University Press,
_c2016 [reprinted]
300 _axxv, 1008 p. :
_bill. ;
_c26 cm.
504 _aIncludes index.
650 _aChemistry, Physical and theoretical
700 _aDe Paula, Julio
942 _2ddc
_cBK